000 01686nam a22002177a 4500
005 20250211155908.0
010 _aENG-143753
020 _a9789364445337
_c1099.00
035 _aEN-127285
037 _bDBAD
082 _a000
100 _aDas, Raj Kumar
_977496
245 _aGeneral Studies Manual for Assam Civil Services Examination/
_cBy Raj Kumar Das [and] Biswajit Dutta
250 _a5
260 _aChennai
_bMcGraw Hill Education Private Limited
_c2025
270 _bChennai
_aAnjana Complex No. 5/90 A, Butt Road, St Thomas Mount
_e600016
300 _a903p.
_c26cm(pb)
500 _aThe General Studies Manual for Assam Civil Services Examination is an essential resource for aspirants preparing for Assam Civil Services (ACS), ALRS (Assam Land and Revenue Services), APS (Assam Police Services), and other important state competitive exams. Designed to provide comprehensive coverage of the syllabus for both Prelims and Mains, this authoritative fifth edition is thoroughly updated and revised as per the new exam pattern. It includes chapter-wise segregation for APSC 2023 (prelims + main) questions with PYQs, along with an in-depth trend analysis and an updated Current Affairs section. To further support aspirants, the book comes with detachable maps featuring detailed information on the 35 districts of Assam, offering a valuable visual aid for preparation. With its structured content and exam-focused approach, this manual is crafted to help candidates excel in their journey toward success. Grab your copy today and take a step closer to achieving your goals!
700 _aDutta, Biswajit
_eAuthor
_977497
942 _2ddc
_cEN
_h000
_mDAS
999 _c208997
_d208997